A revised structure to ease the cash flow (Record no. 80540)

MARC details
000 -LEADER
fixed length control field 01196cab a22002535a 4500
001 - CONTROL NUMBER
control field L144673
008 - FIXED-LENGTH DATA ELEMENTS--GENERAL INFORMATION
fixed length control field 080805e20080802xxko f 000 0 eng d
035 ## - SYSTEM CONTROL NUMBER
System control number (Sirsi) u144673
041 0# - LANGUAGE CODE
Language code of text/sound track or separate title eng
100 1# - MAIN ENTRY--PERSONAL NAME
Personal name Lal, Hamish
245 02 - TITLE STATEMENT
Title A revised structure to ease the cash flow
260 ## - PUBLICATION, DISTRIBUTION, ETC.
Date of publication, distribution, etc. 2008
490 ## - SERIES STATEMENT
Series statement Estates Gazette
Volume/sequential designation (0830) 2 August 2008, 74-76(2)
520 ## - SUMMARY, ETC.
Summary, etc. Article looks at the new Community Empowerment, Housing and Economic Regeneration Bill and the reforms it will bring. A decade since the Housing Grants, Construction and Regeneration Act 1996, the author discusses the need for reform, suggested reforms and associated case law.
650 24 - SUBJECT ADDED ENTRY--TOPICAL TERM
Topical term or geographic name entry element GROVEDECK V CAPITAL DEMOLITION LTD
650 24 - SUBJECT ADDED ENTRY--TOPICAL TERM
Topical term or geographic name entry element MELVILLE DUNDAS LTD (IN RECEIVERSHIP) V GEORGE WIMPEY UK LTD
650 24 - SUBJECT ADDED ENTRY--TOPICAL TERM
Topical term or geographic name entry element MIDLAND EXPRESSWAY LTD V CARILLION CONSTRUCTION LTD
650 24 - SUBJECT ADDED ENTRY--TOPICAL TERM
Topical term or geographic name entry element RJT CONSTRUCTING ENGINEERS LTD V DM ENGINEERING
650 24 - SUBJECT ADDED ENTRY--TOPICAL TERM
Topical term or geographic name entry element COMMUNITY EMPOWERMENT, HOUSING AND ECONOMIC REGENERATION BILL
650 24 - SUBJECT ADDED ENTRY--TOPICAL TERM
Topical term or geographic name entry element HOUSING GRANTS, CONSTRUCTION AND REGENERATION ACT 1996
651 #4 - SUBJECT ADDED ENTRY--GEOGRAPHIC NAME
Geographic name United Kingdom
Chronological subdivision
690 ## - LOCAL SUBJECT ADDED ENTRY--TOPICAL TERM (OCLC, RLIN)
Topical term or geographic name as entry element BUILT ENVIRONMENT-CONSTRUCTION MANAGEMENT-BUILDING CONTRACT ADMINISTRATION
942 ## - ADDED ENTRY ELEMENTS (KOHA)
Suppress in OPAC 0
Holdings
Withdrawn status Lost status Source of classification or shelving scheme Damaged status Not for loan Home library Current library Shelving location Date acquired Total Checkouts Full call number Barcode Date last seen Copy number Price effective from Koha item type
    Dewey Decimal Classification     London London Journal article 05/08/2008   L144673 144673-1001 06/08/2019 1 06/08/2019 Journal article